| 000 | 02148cam a22005054i 4500 | ||
|---|---|---|---|
| 003 | PE-LiUPU | ||
| 005 | 20250731172824.0 | ||
| 008 | 150617s1975 miu r 000 0 eng d | ||
| 035 | _a(Sirsi) a15022 | ||
| 040 |
_aPE-LiUPU _bspa _cPE-LiUPU _erda |
||
| 049 | _aPRUA | ||
| 082 | 0 | 4 |
_a253.507 _bC84 _221 |
| 100 | 1 |
_aCrabb, Lawrence J., _eautor. |
|
| 245 | 1 | 0 |
_aBasic principles of Biblical counseling / _cLawrence J. Crabb. |
| 264 | 1 |
_aMichigan : _bZondervan Publishing House, _c1975. |
|
| 300 |
_a111 páginas : _bilustraciones ; _c23 centímetros |
||
| 336 |
_atext _2rdacontent |
||
| 337 |
_aunmediated _2rdamedia |
||
| 338 |
_avolume _2rdacarrier |
||
| 505 | 0 | _aBroadening our vision -- Confusion in counseling -- Floating anchors -- An aerial view -- Understanding our deep needs -- Understanding our deep needs -- Where problems start -- Weaving tangled webs -- Hold your client responsible: for what? -- The mood and goal of counseling. | |
| 526 | _aSEG42 | ||
| 526 | _aSEG41 | ||
| 526 | _aSEG40 | ||
| 526 | _aSEG39 | ||
| 526 | _aP94 | ||
| 526 | _aP87 | ||
| 526 | _aP86 | ||
| 526 | _aP85 | ||
| 526 | _aP77 | ||
| 526 | _aP76 | ||
| 526 | _aP35 | ||
| 650 | 0 | 4 | _aAntropología teológica. |
| 650 | 0 | 4 |
_aConsejería pastoral. _91495 |
| 650 | 0 | 4 |
_aCristianismo _xPsicología. _95763 |
| 910 |
_ajck _bjvq _cjck _d20150616 |
||
| 942 |
_2ddc _cBOOK |
||
| 949 |
_a253.507 C84 _wDEWEY _c1 _i37643 _lCCODEBUL1 _mBUL _p20.00 _r0 _sY _tBOOK _u2015-04-21 _xTEOLOGIA _PP35 _0COMPRA _o.STAFF. Colección Teología |
||
| 949 |
_a253.507 C84 _wDEWEY _c2 _i21341 _lCCODEBUL1 _mBUL _p20.00 _r0 _sY _tBOOK _u2015-04-21 _xTEOLOGIA _PP35 _0COMPRA _o.STAFF. Colección Teología |
||
| 994 |
_aC0 _bPEPRU |
||
| 596 | _a1 | ||
| 999 |
_a253.507 C84 _wDEWEY _c5565 _i37643 _f2021-11-10 _g5 _lCCODEBUL1 _mBUL _p20.00 _r0 _sY _tBOOK _u2015-4-21 _xTEOLOGIA _PP35 _0COMPRA _o.STAFF. Colección Teología _d5565 |
||
| 999 |
_a253.507 C84 _wDEWEY _c2 _i21341 _f2021-11-12 _g5 _lCCODEBUL1 _mBUL _p20.00 _r0 _sY _tBOOK _u2015-4-21 _xTEOLOGIA _PP35 _0COMPRA _o.STAFF. Colección Teología |
||
| 980 |
_81 _gALBERTO SANCHEZ Responsable de Automatización |
||